00899nam a22002537a 450000500170000001000150001702000260003203500140005803700090007208200190008110000250010024500590012525000060018426000440019027000760023430000200031070000350033070000300036570000310039576000100042694200300043699900190046695201600048520250731123455.0 aENG-146252 c500.00a9789392151743 aEN-129784 bDBAD a302.231095421 aSoundarya, M.983550 aSocial Media and Web Analysis/cM. Soundarya...[et.al] a1 aTamil NadubFirst Book Publishingc2025 bTamil Nadua61, 66 T. P. K. Main Road, Vasantha Nagar, Madurai,e625003 a119p.c22cm(pb) aKhan, P. hameen973342eAuthor aGeetha, R.973343eAuthor aKalidhass, eAuthor983551 bFirst 2ddccENh302.2310954mSOU c212765d212765 001040718NFICaBNbBNd2025-07-31eDelivery of Books Act Divisiong500.00l0o302.2310954 SOUpEN-129784r2025-07-31 00:00:00t1v500.00w2025-07-31yEN